|
|
|
|
| LEADER |
02730nam a22005175i 4500 |
| 001 |
978-3-540-33759-1 |
| 003 |
DE-He213 |
| 005 |
20151204190155.0 |
| 007 |
cr nn 008mamaa |
| 008 |
100301s2006 gw | s |||| 0|eng d |
| 020 |
|
|
|a 9783540337591
|9 978-3-540-33759-1
|
| 024 |
7 |
|
|a 10.1007/b11429173
|2 doi
|
| 040 |
|
|
|d GrThAP
|
| 050 |
|
4 |
|a QB495-500.269
|
| 072 |
|
7 |
|a TTDS
|2 bicssc
|
| 072 |
|
7 |
|a SCI005000
|2 bisacsh
|
| 082 |
0 |
4 |
|a 520
|2 23
|
| 082 |
0 |
4 |
|a 500.5
|2 23
|
| 245 |
1 |
0 |
|a Solar and Heliospheric Origins of Space Weather Phenomena
|h [electronic resource] /
|c edited by Jean-Pierre Rozelot.
|
| 264 |
|
1 |
|a Berlin, Heidelberg :
|b Springer Berlin Heidelberg,
|c 2006.
|
| 300 |
|
|
|a X, 166 p. 117 illus., 7 illus. in color.
|b online resource.
|
| 336 |
|
|
|a text
|b txt
|2 rdacontent
|
| 337 |
|
|
|a computer
|b c
|2 rdamedia
|
| 338 |
|
|
|a online resource
|b cr
|2 rdacarrier
|
| 347 |
|
|
|a text file
|b PDF
|2 rda
|
| 490 |
1 |
|
|a Lecture Notes in Physics,
|x 0075-8450 ;
|v 699
|
| 505 |
0 |
|
|a Advances in Understanding Elements of the Sun—Earth Links -- Some Basic Aspects of the Solar Wind -- The Solar Spectrum in the UV, EUV, and X Ranges: Observations, Modelling, and E.ects on the Earth Upper Atmosphere in the Frame of Space Weather -- Earth Radiation Belts -- Radio Emissions from the Sun and the Interplanetary Medium -- The Sun, The Earth, and the Space Weather.
|
| 520 |
|
|
|a This book comprises an excursion through space weather, a scientific topic in rapid growth and with growing impact and complications for technological societies. The emphasis of the present volume is on the origins of space weather: the Sun and the solar mind. Very much as the Sun`s electromagnetic radiation drives the Earth climate, our space weather is driven by the solar wind. This book addresses students and scientists working, or interested in, the field and provides a thorough introduction to the topic for those who wish to become acquainted with the basic solar physics at the origin of space weather.
|
| 650 |
|
0 |
|a Physics.
|
| 650 |
|
0 |
|a Geophysics.
|
| 650 |
|
0 |
|a Observations, Astronomical.
|
| 650 |
|
0 |
|a Astronomy
|x Observations.
|
| 650 |
|
0 |
|a Space sciences.
|
| 650 |
1 |
4 |
|a Physics.
|
| 650 |
2 |
4 |
|a Extraterrestrial Physics, Space Sciences.
|
| 650 |
2 |
4 |
|a Astronomy, Observations and Techniques.
|
| 650 |
2 |
4 |
|a Geophysics/Geodesy.
|
| 700 |
1 |
|
|a Rozelot, Jean-Pierre.
|e editor.
|
| 710 |
2 |
|
|a SpringerLink (Online service)
|
| 773 |
0 |
|
|t Springer eBooks
|
| 776 |
0 |
8 |
|i Printed edition:
|z 9783540337584
|
| 830 |
|
0 |
|a Lecture Notes in Physics,
|x 0075-8450 ;
|v 699
|
| 856 |
4 |
0 |
|u http://dx.doi.org/10.1007/b11429173
|z Full Text via HEAL-Link
|
| 912 |
|
|
|a ZDB-2-PHA
|
| 912 |
|
|
|a ZDB-2-LNP
|
| 950 |
|
|
|a Physics and Astronomy (Springer-11651)
|